Vacine as Pessoas Adivinhando as Vacinas da COVID-19 - Statistics

Estatísticas Gerais
  • Esse quiz foi jogado 121 vezes
  • A pontuação média é 4 de 7
Respostas no mapa
Respostas codificadas por cores de uma escala verde-vermelha no mapa do quiz de acordo com a % correta abaixo.
 
Estatísticas das Respostas
Dica Vacina % Correto
Uma vacina de mRNA, produzida entre duas empresas dos Estados Unidos e Alemanha. BioNTech/Pfizer
94%
É uma vacina de vírus inativado produzida na China. Sinovac
84%
Vacina de vetor viral produzida no Reino Unido. Desenvolvida por uma universidade tradicional e uma empresa multinacional. Oxford/AstraZeneca
74%
Outra vacina de vetor viral que requer apenas uma dose. Produzida entre duas subsidiárias (da Bélgica e Holanda) da Johnson & Johnson. Janssen
65%
Vacina de vetor viral desenvolvida na Rússia. Sputnik V
41%
Outra vacina de mRNA produzida nos Estados Unidos. Moderna
30%
Vacina de vírus inativado indiana. Covaxin
28%
Nenhum quiz correspondente encontrado
Distribuição das Pontuações
Porcentagem de Pessoas com Cada Pontuação
Percentil de Números Respondidos
Sua Pontuação Histórica
Você não jogou esse quiz